Taxation in India, a commentary. (Record no. 86841)

MARC details
000 -LEADER
fixed length control field 00664cam a2200229 4500
001 - CONTROL NUMBER
control field sa 68015966
003 - CONTROL NUMBER IDENTIFIER
control field DLC
005 - DATE AND TIME OF LATEST TRANSACTION
control field 20260227112650.0
008 - FIXED-LENGTH DATA ELEMENTS--GENERAL INFORMATION
fixed length control field 700630s1968 ii 000 0 eng
010 ## - LIBRARY OF CONGRESS CONTROL NUMBER
LC control number sa 68015966
025 ## - OVERSEAS ACQUISITION NUMBER
Overseas acquisition number PL480:I-E-10258
040 ## - CATALOGING SOURCE
Original cataloging agency DLC
Transcribing agency DLC
Modifying agency DLC
050 00 - LIBRARY OF CONGRESS CALL NUMBER
Classification number HJ2929
Item number .P34
082 00 - DEWEY DECIMAL CLASSIFICATION NUMBER
Classification number 336.2/00954
100 1# - MAIN ENTRY--PERSONAL NAME
Personal name Pai, Mangalore Ramakrishna,
Dates associated with a name 1923-
245 10 - TITLE STATEMENT
Title Taxation in India, a commentary.
Statement of responsibility, etc. Edited by M. R. Pai.
260 ## - PUBLICATION, DISTRIBUTION, ETC.
Place of publication, distribution, etc. Bombay,
Name of publisher, distributor, etc. Popular Prakashan
Date of publication, distribution, etc. [1968]
300 ## - PHYSICAL DESCRIPTION
Extent viii, 231 p.
Dimensions 22 cm.
350 ## - PRICE (NR) (BK AM CF MU VM SE) [OBSOLETE]
Price 15.00
500 ## - GENERAL NOTE
General note "A collection of Forum of Free Enterprise publications."
650 #0 - SUBJECT ADDED ENTRY--TOPICAL TERM
Topical term or geographic name entry element Taxation
Geographic subdivision India.

No items available.

Powered by Koha